| 000 | 00608nam a2200229Ia 4500 | ||
|---|---|---|---|
| 003 | OSt | ||
| 005 | 20221005121653.0 | ||
| 006 | a|||||r|||| 00| 0 | ||
| 007 | ta | ||
| 008 | 221004b |||||||| |||| 00| 0 eng d | ||
| 024 | _a38855 | ||
| 037 | _cTextual | ||
| 040 |
_aCRL _cCRL _beng |
||
| 041 |
_2eng _aeng |
||
| 082 | _aO:3L17x, B4 | ||
| 100 |
_aSeeley L H Ed. _9630946 |
||
| 245 | 0 |
_aHorace Walpole and his world _b Select passages from his letters |
|
| 260 | _c1884 | ||
| 650 | _aENGLISH LITERATURE | ||
| 942 |
_hO:3L17x, B4 _cTEXL _2cc |
||
| 999 |
_c1041893 _d1041893 |
||